[Event "Ch France (team)"]
[Site "masterchessopen.com - France"]
[Round "0"]
[White "Anic Darko (FRA)"]
[Black "Dorfman Iossif D (FRA)"]
[Result "0-1"]
[WhiteElo "2440"]
[BlackElo "2555"]

1.c4 e5 2.Nc3 Nc6 3.Nf3 f5 4.e4 Nf6 5.d4 exd4 6.Nxd4 fxe4 7.Bg5 Bb4 8.Rc1 O-O
9.Be2 Qe8 10.O-O Qe5 11.Be3 Bd6 12.g3 Bc5 13.Ncb5 Nxd4 14.Nxd4 d6 15.Qd2 Bg4
16.b4 Bxe2 17.Nxe2 Bxe3 18.fxe3 a5 19.Nd4 axb4 20.Rf5 Qe7 21.c5 d5 22.Qxb4 c6
23.a4 Ng4 24.Qb3 g6 25.Rff1 Ne5 26.Rb1 Rxf1+ 27.Rxf1 Nd3 28.Ra1 Rf8 29.a5 Qg5
30.Nc2 Qf6 31.Qxb7 Qf2+ 32.Kh1 Qe2 {#R} 0-1

[Event "It (open) \"]
[Site "masterchessopen.com - Hlinsko (Czech Republic)"]
[Round "4"]
[White "Kadlec Pavel (CZE)"]
[Black "Nagy Zoltan_ (HUN)"]
[Result "0-1"]
[WhiteElo "1885"]
[BlackElo "1895"]

1.c4 e5 2.Nc3 Nc6 3.Nf3 f5 4.d3 d6 5.Nd5 Nce7 6.Nxe7 Bxe7 7.g3 c6 8.Bg2 Nf6
9.O-O O-O 10.c5 Qc7 11.cxd6 Bxd6 12.Qb3+ Kh8 13.Bd2 Qe7 14.Qc2 c5 15.e4 Qf7
16.Bc3 Qh5 17.Nh4 f4 18.Bf3 Bg4 19.Bxg4 Nxg4 20.Qe2 f3 21.Nxf3 Rxf3 22.h4 Raf8
23.Kg2 Rxf2+ 24.Rxf2 Rxf2+ 25.Qxf2 Nxf2 26.Kxf2 h6 27.Rf1 Qf7+ 28.Kg2 Qxa2
29.g4 b5 {#R} 0-1

[Event "It \"]
[Site "masterchessopen.com - Melbourne (Australia)"]
[Round "1"]
[White "Lewinsky Stephen (AUS)"]
[Black "Goldsmith Alan (AUS)"]
[Result "0-1"]
[WhiteElo "2240"]
[BlackElo "2216"]

1.c4 e5 2.Nc3 Nc6 3.Nf3 f5 4.d4 e4 5.d5 exf3 6.dxc6 fxg2 7.cxd7+ Bxd7 8.Bxg2
Qh4 9.Bxb7 Rb8 10.Bf3 Bc5 11.e3 Nf6 12.b3 O-O 13.Qe2 Rbe8 14.Bd2 f4 15.O-O-O
fxe3 16.Bxe3 Bf5 17.Kb2 Ng4 18.Rd5 Nxe3 19.Rxc5 Bg4 20.Bxg4 Rxf2 21.Rxc7 Nxg4
{#R} 0-1

[Event "It (open) \"]
[Site "masterchessopen.com - Schwabisch Gmund (Germany)"]
[Round "2"]
[White "Lindenmaier Reinhard (GER)"]
[Black "Ikonnikov Vyacheslav (RUS)"]
[Result "0-1"]
[WhiteElo "2166"]
[BlackElo "2550"]

1.c4 e5 2.Nc3 Nc6 3.Nf3 f5 4.d4 e4 5.Ng5 h6 6.Nh3 g5 7.e3 Nf6 8.Be2 Bg7 9.d5
Ne5 10.d6 O-O 11.dxc7 Qxc7 12.Nb5 Qb6 13.Qd6 Qxd6 14.Nxd6 Ne8 15.Nxe8 Rxe8
16.Bd2 b6 17.Rd1 Nd3+ 18.Bxd3 exd3 19.b3 f4 20.Kf1 fxe3 21.Bxe3 d5 22.cxd5 Ba6
23.Bd2 Re2 {#R} 0-1

[Event "Ch France (accession)"]
[Site "masterchessopen.com - Chambery (France)"]
[Round "5"]
[White "Cerisier Philippe (FRA)"]
[Black "Gaudineau Eric (FRA)"]
[Result "1-0"]
[WhiteElo "2325"]
[BlackElo "2319"]

1.c4 e5 2.Nc3 Nc6 3.Nf3 f5 4.d4 e4 5.Bg5 Nf6 6.Ng1 h6 7.Bxf6 Qxf6 8.e3 d6
9.Qb3 Qf7 10.Nd5 Nd8 11.Qa4+ b5 12.Qa5 Nc6 13.Qxb5 Qd7 14.Qa4 Rb8 15.O-O-O Nb4
16.Qxa7 Rb7 17.Qa3 Nxd5 18.cxd5 c6 19.Kb1 c5 20.Ba6 Rb6 21.Bxc8 Qxc8 22.Qa4+
Kf7 23.Ne2 Be7 24.dxc5 dxc5 25.d6 Bxd6 26.Qc4+ Kg6 27.Rd2 Be5 28.Rc1 Qb7
29.Rcc2 Rb8 30.Nc3 Qc8 31.Nd5 R6b7 32.b3 Kh7 {#r} 1-0

[Event "It (open)"]
[Site "masterchessopen.com - Fortaleza (Brazil)"]
[Round "3"]
[White "Damasceno Atila Alecio Lima (BRA)"]
[Black "Pingas Blas (ARG)"]
[Result "0-1"]
[WhiteElo "1980"]
[BlackElo "2232"]

1.c4 e5 2.Nc3 Nc6 3.Nf3 f5 4.e4 fxe4 5.Nxe4 Nf6 6.Nxf6+ Qxf6 7.Bd3 Bc5 8.O-O
O-O 9.a3 a5 10.Qe2 d6 11.Bc2 g6 12.d3 Bg4 13.Bd1 Nd4 14.Qe4 Nxf3+ 15.Kh1 Nxh2
16.Be3 Nxf1 17.Bxg4 Nxe3 18.fxe3 Qh4+ 19.Bh3 Qxe4 20.dxe4 Bxe3 {#R} 0-1

[Event "NWL 1993/94"]
[Site "masterchessopen.com - Germany"]
[Round "0"]
[White "Rechmann Peter (GER)"]
[Black "Morawietz Dieter (GER)"]
[Result "0-1"]
[WhiteElo "2316"]
[BlackElo "2432"]

1.c4 e5 2.Nc3 Nc6 3.Nf3 f5 4.d4 e4 5.Bg5 Be7 6.Bxe7 Ncxe7 7.Nd2 Nf6 8.e3 d6
9.b4 O-O 10.Be2 a6 11.O-O Kh8 12.a4 Ng6 13.a5 Qe7 14.Qc2 Bd7 15.b5 Rae8
16.bxa6 bxa6 17.Nd5 Nxd5 18.cxd5 f4 19.Bxa6 Qg5 20.Nxe4 Rxe4 21.Qxe4 f3 22.g3
Qh5 23.Rfc1 Bf5 24.Qxf5 Qxf5 25.Rxc7 Ra8 26.Bc4 Qc2 27.a6 h5 28.a7 Kh7 29.Rc6
Ne7 30.Ba2 Qb2 31.Rc2 Qxa1+ {#R} 0-1

[Event "Ch Hungary (team)"]
[Site "masterchessopen.com - Hungary"]
[Round "1"]
[White "Bauer Peter (HUN)"]
[Black "Havasi Janos (HUN)"]
[Result "1-0"]
[WhiteElo "1949"]
[BlackElo "2229"]

1.c4 e5 2.Nc3 Nc6 3.Nf3 f5 4.d4 e4 5.Ng1 Nf6 6.e3 Bb4 7.Ne2 O-O 8.a3 Bxc3+
9.Nxc3 d6 10.b4 Ne7 11.Bb2 c6 12.d5 Ng6 13.Qd2 Qe7 14.O-O-O Rd8 15.f4 exf3
16.gxf3 cxd5 17.cxd5 Bd7 18.Kb1 Re8 19.Re1 Rac8 20.Bd3 Ne5 21.Rhf1 Rc7 22.e4
Qf7 23.Nb5 Bxb5 24.Bxb5 Nc4 25.Bxc4 Rxc4 26.exf5 Rxe1+ 27.Rxe1 Nxd5 28.Qg5 Rc8
29.Re6 Qc7 30.Ka1 Rf8 31.f6 Nxf6 32.Rxf6 {#r} 1-0

[Event "It (open)"]
[Site "masterchessopen.com - Lalin (Spain)"]
[Round "5"]
[White "Mellado Trivino Juan (AND)"]
[Black "Mitkov Nikola (MKD)"]
[Result "0-1"]
[WhiteElo "2400"]
[BlackElo "2495"]

1.c4 e5 2.Nc3 Nc6 3.Nf3 f5 4.d4 e4 5.Ng5 Nf6 6.g3 Bb4 7.d5 Ne5 8.Qb3 Qe7 9.Bf4
Bc5 10.h4 Nfg4 11.Nh3 O-O 12.Bg2 b6 13.Na4 Ba6 14.Rc1 Bb4+ 15.Kf1 Bd6 16.Bg5
Qf7 17.c5 bxc5 18.Nxc5 Rab8 19.Qa4 Bb5 20.Qd4 Nf3 21.Bxf3 exf3 22.Ng1 Be5 {#R}
0-1

[Event "Ch Romania (team)"]
[Site "masterchessopen.com - Romania"]
[Round "0"]
[White "Szuhanek Ranko (ROM)"]
[Black "Racasan Sebastian (ROM)"]
[Result "0-1"]
[WhiteElo "2350"]
[BlackElo "2236"]

1.c4 e5 2.Nc3 Nc6 3.Nf3 f5 4.d3 Nf6 5.g3 Bc5 6.Bg2 d6 7.O-O O-O 8.Na4 Qe7
9.Nxc5 dxc5 10.e4 fxe4 11.Ng5 Bg4 12.Qd2 Nd4 13.Nxe4 Nxe4 14.Bxe4 Bf3 {#R} 0-1

[Event "It (open)"]
[Site "masterchessopen.com - Wuerzburg (Germany)"]
[Round "0"]
[White "Kamp Christoph (GER)"]
[Black "Schiefer Kim"]
[Result "1-0"]
[WhiteElo "2265"]
[BlackElo "1855"]

1.c4 e5 2.Nc3 Nc6 3.Nf3 f5 4.d4 e4 5.Ng5 Be7 6.Nh3 Nf6 7.e3 O-O 8.Be2 Qe8
9.O-O d6 10.Bd2 Nd8 11.Qb3 h6 12.f3 Kh8 13.Nf4 g5 14.Nfd5 Nxd5 15.Nxd5 Ne6
16.fxe4 fxe4 17.Qc2 c6 18.Nxe7 Qxe7 19.Qxe4 Qh7 20.Rxf8+ Nxf8 21.Qe8 Qg8
22.Bb4 {#r} 1-0

[Event "Staatsliga 1994/95"]
[Site "masterchessopen.com - Austria"]
[Round "0"]
[White "Loebler Heimo (AUT)"]
[Black "Petschar Kurt (AUT)"]
[Result "1-0"]
[WhiteElo "2250"]
[BlackElo "2285"]

1.c4 e5 2.Nc3 Nc6 3.Nf3 f5 4.d4 e4 5.Ng5 Bb4 6.g3 Nf6 7.Bg2 O-O 8.O-O Bxc3
9.bxc3 d6 10.f3 h6 11.Nh3 Na5 12.Qa4 b6 13.c5 Bd7 14.Qb4 d5 15.Nf4 Kh7 16.fxe4
fxe4 17.c4 dxc4 18.Bb2 g5 19.Nd5 Nxd5 20.Bxe4+ Rf5 21.Rxf5 Nxb4 22.Rxg5+ {#r}
1-0

[Event "It (open)"]
[Site "masterchessopen.com - Berlin (Germany)"]
[Round "2"]
[White "Neumann Andreas (GER)"]
[Black "Keskowski Thilo (GER)"]
[Result "0-1"]
[WhiteElo "2210"]
[BlackElo "2127"]

1.c4 e5 2.Nc3 Nc6 3.Nf3 f5 4.d3 Nf6 5.g3 g6 6.Bg2 Bg7 7.Rb1 a5 8.a3 O-O 9.O-O
d6 10.Bd2 h6 11.b4 axb4 12.axb4 g5 13.b5 Ne7 14.h3 f4 15.gxf4 gxf4 16.Qc2 Kh8
17.Kh1 Rg8 18.Rg1 Qe8 19.e3 fxe3 20.Bxe3 Qh5 21.Kh2 Ng4+ 22.Kh1 Nxe3 23.fxe3
Bxh3 24.Bxh3 Qxh3+ 25.Nh2 Nf5 26.Qf2 Raf8 27.Qe1 e4 28.Nxe4 Be5 29.Rb2 Bxb2
{#R} 0-1

[Event "It (open)"]
[Site "masterchessopen.com - Berlin (Germany)"]
[Round "0"]
[White "Schian Thomas (GER)"]
[Black "Von Herman Ulf (GER)"]
[Result "1-0"]
[WhiteElo "2210"]
[BlackElo "2380"]

1.c4 e5 2.Nc3 Nc6 3.Nf3 f5 4.d4 e4 5.d5 Nce7 6.Nd4 d6 7.f3 exf3 8.exf3 g6
9.Bd3 Bg7 10.Bc2 Kf7 11.O-O c5 12.dxc6 bxc6 13.Bb3 Kf8 14.Re1 Nf6 15.Bf4 Ne8
16.Qd2 Qb6 17.Rad1 Bd7 18.Qe3 Nc8 19.Kh1 Bxd4 20.Rxd4 c5 21.Bh6+ Kf7 22.Nd5
Qb7 23.Rd2 a5 24.Qc3 Rg8 25.Rxe8 Kxe8 26.Qf6 {#r} 1-0

[Event "It (open)"]
[Site "masterchessopen.com - Cappelle la Grande (France)"]
[Round "4"]
[White "Bern Ivar (NOR)"]
[Black "Dubois Martine (FRA)"]
[Result "1-0"]
[WhiteElo "2360"]
[BlackElo "2075"]

1.c4 e5 2.Nc3 Nc6 3.Nf3 f5 4.g3 Nf6 5.d4 e4 6.Nh4 d5 7.Bg5 Bb4 8.e3 Be6 9.cxd5
Qxd5 10.Bxf6 gxf6 11.Qh5+ Ke7 12.Bh3 Rag8 13.O-O Bxc3 14.bxc3 Rg5 15.Qe2 Bf7
16.f4 Rh5 17.Rfb1 Rg8 18.Kh1 Qd7 19.Rxb7 Kd8 20.c4 Rxh4 21.gxh4 Qe8 22.Rg1
Rxg1+ 23.Kxg1 Bh5 24.Qg2 Kc8 25.Rb5 Bf3 26.Bxf5+ Kd8 27.Rd5+ {#r} 1-0

[Event "It (cat.10)"]
[Site "masterchessopen.com - Dhaka (Bangladesh)"]
[Round "0"]
[White "Rahman Ziaur (BAN)"]
[Black "Sevillano Enrico (USA)"]
[Result "1-0"]
[WhiteElo "2465"]
[BlackElo "2440"]

1.c4 e5 2.Nc3 Nc6 3.Nf3 f5 4.d4 e4 5.Ng5 Nh6 6.g3 b6 7.Bg2 Bb4 8.O-O Bxc3
9.bxc3 O-O 10.f3 exf3 11.Nxf3 Nf7 12.Nh4 f4 13.Qd3 Kh8 14.Rxf4 g5 15.Rf5 d5
16.Rxd5 Qf6 17.Ba3 Rg8 18.Rf1 Qh6 19.Nf5 Qe6 20.Rb5 a6 21.Rbb1 Rd8 22.Bxc6
Qxc6 23.d5 Qe8 24.Qd4+ Qe5 25.Be7 {#r} 1-0

[Event "It (open)"]
[Site "masterchessopen.com - Ikaria (Greece)"]
[Round "2"]
[White "Kourkounakis Ilias (GRE)"]
[Black "Kalagasidis Haralambos (GRE)"]
[Result "1-0"]
[WhiteElo "2400"]
[BlackElo "2151"]

1.c4 e5 2.Nc3 Nc6 3.Nf3 f5 4.d4 e4 5.Ne5 d6 6.Nxc6 bxc6 7.f3 exf3 8.exf3 Nf6
9.Bd3 Be7 10.Qc2 g6 11.Bh6 Kf7 12.O-O-O Re8 13.g4 Ng8 14.Bd2 fxg4 15.fxg4 Kg7
16.d5 Bd7 17.Ne4 Nf6 18.Bc3 Kg8 19.Nxf6+ Bxf6 20.Bxg6 {#r} 1-0

[Event "It (open) \"]
[Site "masterchessopen.com - Schwabisch Gmund (Germany)"]
[Round "2"]
[White "Lindenmaier Reinhard (GER)"]
[Black "Ikonnikov Vyacheslav (RUS)"]
[Result "0-1"]
[WhiteElo "2166"]
[BlackElo "2540"]

1.c4 e5 2.Nc3 Nc6 3.Nf3 f5 4.d4 e4 5.Ng5 h6 6.Nh3 g5 7.e3 Nf6 8.Ng1 d6 9.h4
Rg8 10.hxg5 hxg5 11.f3 exf3 12.Nxf3 Bd7 13.d5 Ne5 14.Be2 Qe7 15.Nxe5 Qxe5
16.Qd4 Qg3+ 17.Kf1 Be7 18.Bd2 b6 19.Nb5 Bxb5 20.cxb5 O-O-O 21.Rc1 Rh8 22.Rxh8
Rxh8 23.Kg1 Rh4 24.Qc3 Qh2+ {#R} 0-1

[Event "It (open) \"]
[Site "masterchessopen.com - Schwabisch Gmund (Germany)"]
[Round "8"]
[White "Zagorskis Darius (LTU)"]
[Black "Held Paul (GER)"]
[Result "1-0"]
[WhiteElo "2520"]
[BlackElo "2264"]

1.c4 e5 2.Nc3 Nc6 3.Nf3 f5 4.d4 e4 5.Ng5 h6 6.Nh3 g5 7.e3 Nf6 8.f3 exf3 9.Qxf3
d6 10.Nf2 Qe7 11.Nd5 Qf7 12.Nxf6+ Qxf6 13.Qh5+ Qf7 14.Qxf7+ Kxf7 15.Bd3 Bg7
16.O-O Rf8 17.Ne4 Kg8 18.Nc3 Nd8 19.Nd5 Rf7 20.Bxf5 c6 21.Bxc8 Rxf1+ 22.Kxf1
cxd5 23.Bg4 dxc4 24.Bf3 Rc8 25.Bd5+ Kf8 26.Bd2 Ke7 27.Rc1 {#r} 1-0

[Event "Ch Slovakia (open)"]
[Site "masterchessopen.com - Trencin (Slovakia)"]
[Round "8"]
[White "Banas Jan (SVK)"]
[Black "Pal Peter (SVK)"]
[Result "1-0"]
[WhiteElo "2375"]
[BlackElo "2285"]

1.c4 e5 2.Nc3 Nc6 3.Nf3 f5 4.d4 e4 5.Ng5 Be7 6.Nh3 Nf6 7.e3 O-O 8.Be2 Bb4
9.Bd2 Ne7 10.Nxe4 fxe4 11.Bxb4 d6 12.Nf4 a5 13.Bc3 Nf5 14.h4 Nxh4 15.Rxh4 g5
16.Rh6 gxf4 17.d5 Nd7 18.Qd4 Ne5 19.Qxe4 Bf5 20.Qxf4 Bg6 21.Qg3 Qe7 22.f4 {#r}
1-0

[Event "It (open)"]
[Site "masterchessopen.com - Andorra"]
[Round "7"]
[White "Berebora Ferenc (HUN)"]
[Black "Ulibin Mikhail (RUS)"]
[Result "0-1"]
[WhiteElo "2400"]
[BlackElo "2550"]

1.c4 e5 2.Nc3 Nc6 3.Nf3 f5 4.d4 e4 5.d5 exf3 6.dxc6 fxg2 7.cxd7+ Qxd7 8.Qxd7+
Bxd7 9.Bxg2 c6 10.O-O Nf6 11.b3 Bb4 12.Bb2 Kf7 13.Rad1 Rhe8 14.a3 Ba5 15.b4
Bc7 16.Nb5 cxb5 17.Bxf6 Be6 18.Bh4 bxc4 19.Bxb7 Rab8 20.Bc6 g5 21.Bxe8+ Rxe8
22.Bxg5 Rg8 23.f4 h6 24.h4 hxg5 25.hxg5 Bb6+ 26.Kg2 Rc8 27.Rh1 c3 28.e4 c2
29.g6+ Kxg6 30.Rd6 Kf7 31.Rh7+ Kg8 32.Rh1 Bf7 {#R} 0-1

[Event "It (open)"]
[Site "masterchessopen.com - Balatonalmadi (Hungary)"]
[Round "3"]
[White "Klein Sabine (GER)"]
[Black "Schuetz Peter (SVK)"]
[Result "1-0"]
[WhiteElo "1907"]
[BlackElo "1889"]

1.c4 e5 2.Nc3 Nc6 3.Nf3 f5 4.d4 e4 5.d5 exf3 6.dxc6 bxc6 7.gxf3 Qh4 8.Qd3 g6
9.e4 d6 10.Be3 Nf6 11.O-O-O Be7 12.Be2 O-O 13.Rdg1 Nh5 14.Nd5 Bd8 15.Bd1 Be6
16.Nb4 f4 17.Bd2 Qxf2 18.Nc2 Qc5 19.Be2 Bf6 20.Bc3 Bxc3 21.Qxc3 Rab8 22.Nd4
Ng7 23.h4 Kf7 24.Rg5 {#r} 1-0

[Event "It (open) (active)"]
[Site "masterchessopen.com - Barcelona (Spain)"]
[Round "2"]
[White "Illescas Cordoba Miguel (ESP)"]
[Black "Manera Lopez Josep (ESP)"]
[Result "1-0"]
[WhiteElo "2640"]
[BlackElo "2189"]

1.c4 e5 2.Nc3 Nc6 3.Nf3 f5 4.d4 e4 5.Bg5 Be7 6.Bxe7 Ngxe7 7.Ng1 d6 8.e3 O-O
9.Nh3 Ng6 10.g3 Nce7 11.Qb3 c6 12.O-O-O a6 13.Na4 Kh8 14.Nb6 Rb8 15.Kb1 Be6
16.Ng5 Bg8 17.h4 Nc8 18.Nxc8 Qxc8 19.h5 Ne7 20.h6 d5 21.hxg7+ Kxg7 22.Qb4 Qd8
23.Rxh7+ Kf6 24.Rh5 dxc4 25.Bxc4 Bxc4 26.Qxc4 Qd5 27.Nh7+ Kg6 28.Rg5+ {#r} 1-0

[Event "Ch France (team) (juniors) (under 18)"]
[Site "masterchessopen.com - France"]
[Round "0"]
[White "Lavabre Fabien (FRA)"]
[Black "Frayssinet Franck"]
[Result "1-0"]
[WhiteElo "2216"]
[BlackElo "1930"]

1.c4 e5 2.Nc3 Nc6 3.Nf3 f5 4.d4 e4 5.Ng5 Bb4 6.Nh3 Bxc3+ 7.bxc3 Nf6 8.e3 O-O
9.Be2 d6 10.O-O Qe8 11.Rb1 Qg6 12.c5 dxc5 13.Ba3 Rd8 14.Bxc5 Kh8 15.Qc1 Nd5
16.Kh1 Qh6 17.c4 Nf6 18.Qc3 b6 19.Ba3 Ba6 20.Rfe1 Rd7 21.d5 Ne7 22.Bxe7 Rxe7
23.Qa3 Rae8 24.Qxa6 g5 25.Qa3 Rg7 26.Qc3 g4 27.Nf4 g3 28.fxg3 Rxg3 29.Nh5 Rg6
30.Rf1 Kg8 31.Nxf6+ Rxf6 32.Rf4 {#r} 1-0

[Event "It (open)"]
[Site "masterchessopen.com - Geneva (Switzerland)"]
[Round "1"]
[White "Cesareo Fabio (SUI)"]
[Black "Landenbergue Claude (SUI)"]
[Result "0-1"]
[WhiteElo "2152"]
[BlackElo "2410"]

1.c4 e5 2.Nc3 Nc6 3.Nf3 f5 4.d3 Bb4 5.Bd2 Nf6 6.Nd5 Bxd2+ 7.Qxd2 d6 8.g3 Nxd5
9.cxd5 Ne7 10.e4 O-O 11.Bg2 c6 12.dxc6 Nxc6 13.O-O f4 14.d4 fxg3 15.hxg3 Bg4
16.Nh2 Bh5 17.dxe5 dxe5 18.Qe3 Nd4 19.g4 Bg6 20.Nf3 Nxf3+ 21.Bxf3 Rf4 22.Rfe1
Qh4 23.Rac1 Raf8 24.Qb3+ Bf7 25.Qd3 Be6 26.Re3 Bxg4 27.Rc3 Bxf3 28.Qd5+ Kh8
29.Rxf3 Rxf3 {#R} 0-1

[Event "It (open)"]
[Site "masterchessopen.com - Helsinki (Finland)"]
[Round "5"]
[White "Wilen Eero (FIN)"]
[Black "Vihinen Teemu (FIN)"]
[Result "0-1"]
[WhiteElo "2076"]
[BlackElo "2137"]

1.c4 e5 2.Nc3 Nc6 3.Nf3 f5 4.d4 e4 5.Ng5 h6 6.Nh3 g5 7.g3 Bg7 8.e3 Nf6 9.a3
Ne7 10.Qb3 c6 11.Bd2 d6 12.O-O-O Qb6 13.Qc2 Be6 14.Na4 Qc7 15.Bg2 Qd7 16.c5
Ned5 17.cxd6 b6 18.Ng1 Qxd6 19.f3 O-O 20.Ne2 Rac8 21.Nec3 exf3 22.Bxf3 Rfe8
23.Kb1 Qd7 24.e4 fxe4 25.Nxe4 Bf5 26.Rde1 Nxe4 27.Bxe4 Rxe4 28.Rxe4 Nf6 29.Nc3
Nxe4 30.Nxe4 Re8 31.Re1 Rxe4 32.Rxe4 Qd5 {#R} 0-1

[Event "It (open)"]
[Site "masterchessopen.com - Las Vegas (USA)"]
[Round "0"]
[White "Schwartzman Gabriel (USA)"]
[Black "Wolski Thomas (GER)"]
[Result "1-0"]
[WhiteElo "2515"]
[BlackElo "2345"]

1.c4 e5 2.Nc3 Nc6 3.Nf3 f5 4.d4 e4 5.Ng5 h6 6.Nh3 g5 7.e3 Nf6 8.Ng1 Bg7 9.h4
Kf7 10.f3 d6 11.Nh3 g4 12.fxg4 fxg4 13.Nf4 h5 14.g3 Bf5 15.Bg2 Qd7 16.O-O Rae8
17.Nfd5 Kg6 18.Nxf6 Bxf6 19.Rf4 {#r} 1-0

[Event "It"]
[Site "masterchessopen.com - Munich (Germany)"]
[Round "0"]
[White "Winter Karlheinz (GER)"]
[Black "Ikonnikov Vyacheslav (RUS)"]
[Result "0-1"]
[WhiteElo "1993"]
[BlackElo "2540"]

1.c4 e5 2.Nc3 Nc6 3.Nf3 f5 4.d4 e4 5.d5 exf3 6.dxc6 fxg2 7.cxd7+ Qxd7 8.Qxd7+
Bxd7 9.Bxg2 c6 10.Bf4 Be6 11.b3 Bb4 12.Rc1 Ne7 13.h4 Ng6 14.Be3 Kf7 15.Kf1
Rhd8 16.Na4 Bd2 17.Bxd2 Rxd2 18.Nc5 Rad8 19.Ke1 Rxa2 20.Nxb7 Rdd2 21.Bxc6
Rxe2+ 22.Kf1 Ne5 23.Nd8+ Ke7 {#R} 0-1

[Event "It \"]
[Site "masterchessopen.com - Philadelphia (USA)"]
[Round "0"]
[White "Zaichik Gennadi (USA)"]
[Black "Reprintsev Alexander (UKR)"]
[Result "1-0"]
[WhiteElo "2550"]
[BlackElo "2395"]

1.c4 e5 2.Nc3 Nc6 3.Nf3 f5 4.d4 e4 5.Ng5 h6 6.Nh3 g5 7.e3 Nf6 8.Ng1 Bg7 9.h4
Ne7 10.hxg5 hxg5 11.Rxh8+ Bxh8 12.Nh3 g4 13.Nf4 c6 14.d5 d6 15.dxc6 bxc6
16.Qd2 Kf7 17.b3 Ng6 18.Nxg6 Kxg6 19.Bb2 Be6 20.O-O-O Ne8 21.Be2 Qg5 22.Kb1
Rd8 23.Nxe4 fxe4 24.Bxh8 Nf6 25.Rh1 g3 26.fxg3 c5 27.Qc3 Rf8 28.Qe1 Bg4
29.Bxf6 Rxf6 30.Rh4 Be6 {#r} 1-0

[Event "It (open)"]
[Site "masterchessopen.com - Raahe (Finland)"]
[Round "3"]
[White "Linqvist Grels (FIN)"]
[Black "Westerinen Heikki M J (FIN)"]
[Result "0-1"]
[WhiteElo "2003"]
[BlackElo "2430"]

1.c4 e5 2.Nc3 Nc6 3.Nf3 f5 4.d4 e4 5.Ng5 h6 6.Nh3 g5 7.f3 exf3 8.exf3 d6 9.Bd3
Nxd4 10.O-O Bg7 11.Re1+ Kf7 12.Bd2 Ne7 13.Rc1 c5 14.a3 Bf6 15.b4 Be6 16.Rb1
Qd7 17.Ne2 Nxe2+ 18.Qxe2 Nc6 19.Qd1 Nd4 20.Qc1 Rac8 21.b5 Rhd8 22.a4 d5 23.Kh1
dxc4 24.Bxc4 Bxc4 25.Qxc4+ Qd5 26.Qxd5+ Rxd5 27.Bc1 c4 28.Nf2 c3 29.h4 {#R}
0-1

[Event "It (open)"]
[Site "masterchessopen.com - Solymar (Hungary)"]
[Round "0"]
[White "Hardicsay Peter (HUN)"]
[Black "Mayer Istvan (HUN)"]
[Result "1-0"]
[WhiteElo "2395"]
[BlackElo "2240"]

1.c4 e5 2.Nc3 Nc6 3.Nf3 f5 4.d4 e4 5.Ng5 Nf6 6.g3 Be7 7.Nh3 d5 8.c5 Be6 9.Bg2
O-O 10.Nf4 Bf7 11.h4 g6 12.a3 a5 13.Nh3 Kg7 14.Bf4 Re8 15.O-O Bf8 16.Qd2 Kh8
17.Rad1 Bg7 18.Bh6 Bxh6 19.Qxh6 Ng4 20.Qf4 Kg7 21.Rfe1 Nf6 22.Nb5 Rc8 23.Qc1
Qd7 24.Nf4 Nd8 25.Nc3 Ne6 26.b4 axb4 27.axb4 Nxf4 28.Qxf4 e3 29.fxe3 {#r} 1-0

[Event "Tournament (weekend)"]
[Site "masterchessopen.com - Francofonte (Italy)"]
[Round "3"]
[White "Gangemi Salvatore (ITA)"]
[Black "Alaimo Riccardo (ITA)"]
[Result "0-1"]
[WhiteElo "2065"]
[BlackElo "2195"]

1.c4 e5 2.Nc3 Nc6 3.Nf3 f5 4.d3 Nf6 5.e3 Bb4 6.Qc2 d6 7.a3 Bxc3+ 8.Qxc3 a5
9.b3 O-O 10.Bb2 Qe7 11.O-O-O Bd7 12.Be2 Na7 13.h4 b5 14.c5 b4 15.axb4 axb4
16.Qc2 Nb5 17.d4 Na3 18.Bxa3 Rxa3 19.Qc4+ Be6 20.Qxb4 Rxb3 21.Qa4 Ne4 22.Rd3
Rxd3 23.Bxd3 Nxf2 24.Rf1 Nxd3+ {#R} 0-1

[Event "Ch Aragon (team)"]
[Site "masterchessopen.com - Aragon (Spain)"]
[Round "0"]
[White "Oltra Landete Fidel (ESP)"]
[Black "Gomez-Cabrero Lopez Rafael (ESP)"]
[Result "0-1"]
[WhiteElo "2040"]
[BlackElo "2160"]

1.c4 e5 2.Nc3 Nc6 3.Nf3 f5 4.d3 Nf6 5.g3 Bb4 6.Bd2 O-O 7.Bg2 d6 8.O-O a5 9.Qc2
Bc5 10.a3 f4 11.e3 fxg3 12.fxg3 Qe8 13.Rad1 Qh5 14.Bc1 Bg4 15.Ne2 g5 16.Rf2
Rac8 17.Rdf1 e4 18.Nfd4 Bxe2 19.Qxe2 Qxe2 20.Nxe2 exd3 21.Nd4 Nxd4 22.Rxf6
Ne2+ 23.Kh1 Rxf6 24.Bd5+ Kg7 {#R} 0-1

[Event "Memorial Erkel"]
[Site "masterchessopen.com - Gyula (Hungary)"]
[Round "3"]
[White "Hocevar Nikola (SLO)"]
[Black "Vigh Bela (HUN)"]
[Result "0-1"]
[WhiteElo "2225"]
[BlackElo "2395"]

1.c4 e5 2.Nc3 Nc6 3.Nf3 f5 4.d4 e4 5.Nd2 Nf6 6.e3 Bb4 7.Qc2 O-O 8.a3 Bxc3
9.Qxc3 d5 10.b3 Be6 11.g3 Qe8 12.Be2 Rd8 13.a4 Rf7 14.Ba3 Ne7 15.Bxe7 Rxe7
16.f4 exf3 17.Bxf3 Bf7 18.Kf2 Bh5 19.Bxd5+ Rxd5 20.cxd5 Rxe3 21.Qc4 Re2+
22.Kf1 Qe3 {#R} 0-1

[Event "It (open)"]
[Site "masterchessopen.com - Herlev (Denmark)"]
[Round "1"]
[White "Lund Esben (DEN)"]
[Black "Jakobsen Ole (DEN)"]
[Result "0-1"]
[WhiteElo "2380"]
[BlackElo "2370"]

1.c4 e5 2.Nc3 Nc6 3.Nf3 f5 4.d4 e4 5.Ng5 Be7 6.h4 Nf6 7.Bf4 h6 8.Nh3 d6 9.e3
O-O 10.Be2 Bd7 11.Rc1 Be8 12.g4 fxg4 13.Bxg4 Bd7 14.Bxd7 Qxd7 15.Ng5 Qf5
16.Qb3 hxg5 17.c5+ d5 18.hxg5 Nxd4 19.exd4 Qxf4 20.gxf6 Qxc1+ 21.Nd1 Bxf6 {#R}
0-1

[Event "It (open)"]
[Site "masterchessopen.com - Nova Gorica (Slovenia)"]
[Round "1"]
[White "Gulko Boris F (USA)"]
[Black "Waldmann Gerald (AUT)"]
[Result "1-0"]
[WhiteElo "2580"]
[BlackElo "2208"]

1.c4 e5 2.Nc3 Nc6 3.Nf3 f5 4.g3 Nf6 5.d4 e4 6.Nh4 g6 7.Bg5 Bg7 8.Qd2 Ne7 9.f3
exf3 10.exf3 d5 11.O-O-O O-O 12.Ng2 Be6 13.h4 c6 14.Nf4 Bf7 15.h5 Nxh5 16.Nxh5
gxh5 17.cxd5 Qd7 18.dxc6 bxc6 19.Bh6 Nd5 20.Qg5 Bg6 21.Bxg7 Kxg7 22.Rxh5 Nxc3
23.bxc3 Qd5 24.Bd3 Rf7 25.Rdh1 Kf8 26.Qh6+ Ke7 27.R5h2 Qxf3 28.Re1+ Kd7
29.Rhe2 Qd5 30.Qf4 Qd6 31.Rb2 Qxf4+ 32.gxf4 Kd6 {#r} 1-0